| 000 | 00948nas a2200313 4500 | ||
|---|---|---|---|
| 001 | BR8602916 | ||
| 003 | BR-BrBNA | ||
| 005 | 20231205090518.0 | ||
| 007 | ta | ||
| 008 | 230509b bl.|||p| |||| 00| 00por d | ||
| 040 |
_aBR-BrBNA _bpor _cBiblioteca Nacional de Agricultura |
||
| 041 | _a(Pt) | ||
| 072 | _aQ54 | ||
| 100 | 1 | _aVeiga, J.B. da | |
| 100 | 1 | _aMott, G.O. | |
| 100 | 1 | _aRodrigues, L.R. de A. | |
| 100 | 1 | _aOcumpaugh, W.R. | |
| 245 | 1 |
_aCapim-elefante anao sob pastejo. 2. valor nutritivo _bParte de tese |
|
| 246 | 1 |
_aDwarf elephantgrass under grazing. 2. nutritive value _bPart of thesis |
|
| 650 | _aCAPIM ELEFANTE | ||
| 650 | _aPASTEJO | ||
| 650 | _aFOLHA | ||
| 650 | _aCOLMO | ||
| 650 | _aPROTEINA | ||
| 650 | _aVALOR NUTRITIVO | ||
| 773 | 0 |
_tPesquisa Agropecuaria Brasileira (Brazil) _xISSN 0100-204X _g(Aug 1985), v. 20(8) p. 937-944 _wBR8602916 |
|
| 909 |
_a202311 _bLúcia _c55 _dLúcia Elande |
||
| 942 |
_2AGRIS _n0 _cANA |
||
| 999 |
_c118949 _d118949 |
||